|
|
|
|
| LEADER |
00000naa a2200000uu 4500 |
| 001 |
vtls010871086 |
| 003 |
SK-MaSNL |
| 005 |
20260302141753.0 |
| 008 |
220808|1986 xo |||||||||||||||||slo| |
| 035 |
|
|
|a (urnnbn)urn:nbn:sk:snk:ar-009489
|
| 035 |
|
|
|a (uuid)41200358-d767-4c5e-9cc7-0b80eb16fe29
|
| 035 |
|
|
|a urn:nbn:sk:snk-aaumph
|
| 040 |
|
|
|a SNKBUCL
|b slo
|c SNKBUCL
|e AACR2
|
| 041 |
0 |
|
|a slo
|
| 044 |
|
|
|a xo
|c SK
|
| 245 |
0 |
0 |
|a Benický, Peter
|b básnik, vojak (asi 1606 Trnava - po 8. 2. 1664 tamže)
|
| 600 |
1 |
7 |
|a Benický, Peter,
|d 1603-1664
|2 SNKMA
|9 36902
|
| 655 |
|
7 |
|a biografické heslá
|2 SNKPH
|9 368942
|
| 773 |
0 |
|
|t Slovenský biografický slovník : (od roku 833 do roku 1990). I. zväzok, A - D
|d Martin : Matica slovenská, 1986
|g S. 215
|
| 954 |
|
|
|a odborná, vedecká literatúra pôvodná (slovenská)
|2 lita
|
| 958 |
|
|
|a OND
|
| 958 |
|
|
|a BX
|
| 958 |
|
|
|a chapter
|
| 958 |
|
|
|a article6
|
| 999 |
|
|
|c 1336813
|d 1338743
|